Initiation a la logique /
Guardado en:
| Autor Principal: | |
|---|---|
| Formato: | Libro |
| Idioma: | French |
| Publicado: |
Paris :
Gauthier-Villars,
1957.
|
| Series: | Collection de logique mathématique. Série A ;
13 |
| Etiquetas: |
Agregar Etiqueta
Sin Etiquetas, Sea el primero en etiquetar este registro!
|
| LEADER | 00569nam a22001815a 4500 | ||
|---|---|---|---|
| 001 | MAT.inmabb000307 | ||
| 008 | 031209s1957####fr############000#0#fre#d | ||
| 005 | 20110228160319.0 | ||
| 245 | 1 | 0 | |a Initiation a la logique / |c par Le R. P. Dubarle. |
| 260 | |a Paris : |b Gauthier-Villars, |c 1957. | ||
| 300 | |a 89 p. ; |c 25 cm. | ||
| 440 | 0 | |a Collection de logique mathématique. |p Série A ; |v 13 | |
| 504 | |a Bibliografía: p. [83]-89 | ||
| 510 | 4 | |a MR, |c 20 #1621 | |
| 100 | 1 | |a Dubarle, Dominique. | |
| 084 | |a 03Bxx |2 msc2000 | ||
| 010 | |a 58004985 | ||
| 859 | |h 03 |i D813 |p A-46 |b BIB. MATEMATICA | ||
